000 00456nam a2200193Ia 4500
003 OSt
005 20221005130441.0
006 a|||||r|||| 00| 0
007 ta
008 221004b |||||||| |||| 00| 0 eng d
024 _a111775
037 _cTextual
040 _aCRL
_cCRL
_beng
041 _2eng
_aeng
245 0 _aReport sports industry Trade delegation to M.E Africa
260 _c1959
942 _cTEXL
_2cc
999 _c1057294
_d1057294